000 01040nam a2200229Ia 4500
003 OSt
005 20220923221934.0
006 a|||||r|||| 00| 0
007 ta
008 220922b |||||||| |||| 00| 0 hin d
024 _a201,273
037 _cTextual
040 _aARTS
_cARTS
_bhin
041 _2hin
_ahin
082 _aV2:25xM89:9, 152K7
100 _aगुप्त, रमेशचन्द्र
_9156365
245 0 _aज्योति पुरूष
_b शान्तिदूत प जवाहरलाल नेहरू के प्रति चार सौ पचपन कवियों की श्रृद्वांजलियो का प्रतिनिधि संक्लन
246 _aJyoti purūṣha: shāntidūt pa0 javāharalāl neharū ke prati chār sau pachapan kaviyoan kī shrṛudvāanjaliyo kā pratinidhi sanklana
260 _c1967
942 _hV2:25xM89:9, 152K7
_cTEXL
_2CC
999 _c352926
_d352926